| 000 -LEADER |
| fixed length control field |
00746nam a22002657a 4500 |
| 008 - FIXED-LENGTH DATA ELEMENTS--GENERAL INFORMATION |
| fixed length control field |
150608b xxu||||| |||| 00| 0 eng d |
| 020 ## - INTERNATIONAL STANDARD BOOK NUMBER |
| International Standard Book Number |
0078656095 |
| 041 0# - LANGUAGE CODE |
| Language code of text/sound track or separate title |
eng |
| 080 ## - UNIVERSAL DECIMAL CLASSIFICATION NUMBER |
| Universal Decimal Classification number |
512.5 |
| 100 ## - Rafti |
| Rafti |
Holliday, Berchie ; Cuevas, Gilbert; [et. al].. |
| 245 ## - TITLE STATEMENT |
| Title |
Algebra 2 / |
| Statement of responsibility, etc |
Berchie Holliday; Gilbert Cuevas; Beatrice; et. al. |
| 260 ## - |
| -- |
USA: |
| -- |
McGraw-Hill; |
| -- |
2005. |
| 300 ## - |
| -- |
892 f.: |
| -- |
me il.; |
| -- |
25 cm. |
| 505 ## - |
| -- |
Index: f.R87 - R103 |
| 650 #0 - |
| -- |
Algjebra |
| 700 1# - |
| -- |
Berchie Holliday; |
| 700 1# - |
| -- |
Gilbert Cuevas; |
| 700 1# - |
| -- |
Beatrice Moore-Harris; |
| 700 1# - |
| -- |
John A. Carter |
| 700 1# - |
| -- |
Daniel Marks; |
| 700 1# - |
| -- |
Ruth M. Casey; |
| 700 1# - |
| -- |
Roger Day; |
| 700 1# - |
| -- |
Linda M. Hayek; |
| 942 ## - ADDED ENTRY ELEMENTS (KOHA) |
| Source of classification or shelving scheme |
|
| Item type |
Books |